| 000 | 00445pab a2200181 454500 | ||
|---|---|---|---|
| 008 | 180718b2007 xxu||||| |||| 00| 0 eng d | ||
| 100 | _aGolosov, Mikhail | ||
| 245 | _aOptimal taxation with endogenous insurance markets | ||
| 260 | _c2007 | ||
| 300 | _ap.487-534. | ||
| 362 | _aMay | ||
| 650 | _aTaxation | ||
| 650 | _aInsurance | ||
| 700 | _aTsyvinski, Aleh | ||
| 773 | _aQuarterly Journal of Economics | ||
| 908 | _aN | ||
| 909 | _a75111 | ||
| 999 |
_c75111 _d75111 |
||